| 000 | 01101nam a22002537a 4500 | ||
|---|---|---|---|
| 005 | 20090624150456.0 | ||
| 008 | 090624t xxu||||| |||| 00| 0 mar d | ||
| 010 | _aMAR-20076 | ||
| 020 |
_a9788174252449 _c150.00 |
||
| 035 | _aMR-12734 | ||
| 037 | _bDBAD / PUB | ||
| 040 |
_aDPL _bMR |
||
| 082 | _a133.6 | ||
| 100 | _aकटककर,एम | ||
| 245 |
_aहस्तसामुद्रिक विज्ञान / _cएम कटककर |
||
| 246 |
_aHastsamudrik Vigyan _bby M. Katakkar |
||
| 260 |
_aपुणे _bउत्कर्ष प्रकाशन _c2009 |
||
| 270 |
_a685,डेक्कन जिमखाना _bपुणे _e4110004 _k25537958,25532479 |
||
| 300 |
_aचौदा,156 पृ _c21 सेमी(अजिल्द) |
||
| 650 | _aहस्तविज्ञान शास्त्र | ||
| 650 | _aPalmistry | ||
| 942 |
_2ddc _cMR _mकटक _h133.6 |
||
| 999 |
_c27878 _d27878 |
||